书目信息 |
| 题名: |
盎格鲁-撒克逊人简史
|
|
| 作者: | 利泽 著 ;张尚莲 , 史耕山 译 | |
| 分册: | 英格兰的形成与诞生 | |
| 出版信息: | 北京 化学工业出版社 2019 |
|
| 页数: | 17,246页 | |
| 开本: | 24cm | |
| 丛书名: | 新视角全球简史系列 | |
| 单 册: | ||
| 中图分类: | K561.31 , K561.31 | |
| 科图分类: | ||
| 主题词: | 盎格鲁-撒克逊人--ang ge lu - sa ke xun ren--王国--中世纪史--英国 | |
| 电子资源: | ||
| ISBN: | 978-7-122-33020-8 | |
| 000 | 01573nam0 2200349 450 | |
| 001 | 1952969743 | |
| 005 | 20190409155500.1 | |
| 010 | @a978-7-122-33020-8@b精装@dCNY 69.80 | |
| 099 | @aCAL 012019043518 | |
| 100 | @a20190409d2019 em y0chiy50 ea | |
| 101 | 1 | @achi@ceng |
| 102 | @aCN@b110000 | |
| 105 | @aa z 000yy | |
| 200 | 1 | @a盎格鲁-撒克逊人简史@Aang ge lu - sa ke xun ren jian shi@e公元410-1066年@i英格兰的形成与诞生@f(英)亨丽埃塔·利泽著@g张尚莲,史耕山译 |
| 210 | @a北京@c化学工业出版社@d2019 | |
| 215 | @a17,246页@c图@d24cm | |
| 225 | 2 | @a新视角全球简史系列@Axin shi jiao quan qiu jian shi xi lie |
| 304 | @a英文共同题名:A short the of the history Anglo-Saxons | |
| 305 | @a由伦敦I.B.Tauris & Co Ltd授权出版 | |
| 330 | @a本书讲述了盎格鲁-撒克逊人如何在其统治时期应对一次次的政权跌宕,如何走向文明以及如何产生并发展统一英格兰。书中就关于盎格鲁-撒克逊时代的考古学和艺术方面的惊喜发现给出了最新分析,并探讨了罗马人撤离后不列颠各王国的关系、麦西亚的统治、韦塞克斯的崛起、维京人的归来,以及盎格鲁-撒克逊时代的终结。 | |
| 333 | @a一般读者 | |
| 461 | 0 | @12001@@@@a新视角全球简史系列 |
| 500 | 10 | @aA short the of the history Anglo-Saxons@mChinese |
| 517 | 1 | @a英格兰的形成与诞生@Aying ge lan de xing cheng yu dan sheng |
| 606 | 0 | @a盎格鲁-撒克逊人@Aang ge lu - sa ke xun ren@x王国@x中世纪史@y英国 |
| 690 | @aK561.31@v5 | |
| 690 | @aK561.31@v4 | |
| 701 | 1 | @a利泽@Ali ze@c(Leyser, Henrietta)@4著 |
| 702 | 0 | @a张尚莲@Azhang shang lian@4译 |
| 702 | 0 | @a史耕山@Ashi geng shan@4译 |
| 801 | 0 | @aCN@bNEN@c20190409 |
| 905 | @aBZT@dK561.31@e1 | |
| 盎格鲁-撒克逊人简史:公元410-1066年.英格兰的形成与诞生/(英)亨丽埃塔·利泽著/张尚莲,史耕山译.-北京:化学工业出版社,2019 |
| 17,246页:图;24cm.-(新视角全球简史系列) |
| 使用对象:一般读者 |
| ISBN 978-7-122-33020-8(精装):CNY 69.80 |
| 本书讲述了盎格鲁-撒克逊人如何在其统治时期应对一次次的政权跌宕,如何走向文明以及如何产生并发展统一英格兰。书中就关于盎格鲁-撒克逊时代的考古学和艺术方面的惊喜发现给出了最新分析,并探讨了罗马人撤离后不列颠各王国的关系、麦西亚的统治、韦塞克斯的崛起、维京人的归来,以及盎格鲁-撒克逊时代的终结。 |
| ● |
| 相关链接 |
|
|
|
正题名:盎格鲁-撒克逊人简史
索取号:K561.31/1
 
预约/预借
| 序号 | 登录号 | 条形码 | 馆藏地/架位号 | 状态 | 备注 |
| 1 | 864805 | 2000864805 | 第二书库/ [索取号:K561.31/1] | 在馆 | |
| 2 | 864806 | 2000864806 | 第二书库/ [索取号:K561.31/1] | 在馆 | |
| 3 | 864807 | 2000864807 | 第二书库/ [索取号:K561.31/1] | 在馆 |